00281nam a2200121Ia 4500008004100000041000900041082001800050100001800068245002000086260003700106300000800143650000800151230718s9999 xx 000 0 und d aEng. a346.02bSIN-L aSingh, Autark 0alaw of Contract aPakistanbcentred Law bookc2003 a620 aLaw